| 000 | 00438nam a2200181Ia 4500 | ||
|---|---|---|---|
| 001 | 15098 | ||
| 005 | 20260306165003.0 | ||
| 008 | 260306t2016||||xx |||||||||||||| ||spa|| | ||
| 041 | _aESP | ||
| 082 |
_a530 _bL55 T. 2 |
||
| 100 |
_aLeyva Naveros, Humberto _eAUT |
||
| 245 | 0 |
_aFísica II: _bteoría, problemas resueltos y propuestos |
|
| 260 | _c2016 | ||
| 300 |
_a _c |
||
| 650 | _aGEN | ||
| 654 | _aCCN | ||
| 942 |
_cLIB _dJUS _fJUS _2ddc _n |
||
| 999 |
_c15098 _d15098 |
||